000 00921ntm a2200241 a 4500
001 75657
003 BD-RjUL
005 20211209082726.0
008 190512s2017 bg a|||| bm|| 00| 0 eng d
035 _a(BD-RjUL)75875
040 _aBD-RjUL
_beng
_cBD-RjUL
_dBD-RjUL
041 _aeng
082 _223
_a635.657899
_bABG 2017
100 1 _aAbedin, Sadia
_9231624
245 1 0 _aGrowth, Development and Yield of Chickpea by Foliar application of Growth Hormones /
_cby Sadia Abedin ;
_6Supervisor: Md. Arifur Rahman
260 _aRajshahi :
_bDepartment of Agronomy and Agricultural Extension, R. U. ,
_c2017
300 _axi, 96 leaves :
_bIll. ;
_c29 cm.
502 _aThesis (M. Phil.) -- Department of Agronomy and Agricultural Extension, R. U. , 2017
504 _aReferences: leaves [81]-91
650 _aChickpea
_vGrowth.
_9231626
700 _aRahman, Md. Arifur, Supervisor
_9231625
942 _2ddc
_cTHE
999 _c75657
_d75657